Normal view
MARC view
- Pöpel, H. Johannes.
Entry Personal Name
001 - CONTROL NUMBER
- control field: 5876
003 - CONTROL NUMBER IDENTIFIER
- control field: NUST
005 - DATE AND TIME OF LATEST TRANSACTION
- control field: 20171102125450.0
008 - FIXED-LENGTH DATA ELEMENTS
- fixed length control field: 171102|| aca||aabn | a|a d
040 ## - CATALOGING SOURCE
- Original cataloging agency: NUST
- Transcribing agency: NUST
100 ## - HEADING--PERSONAL NAME
- Personal name: Pöpel, H. Johannes.
670 ## - SOURCE DATA FOUND
- Source citation: Work cat.: (NUST)0: Mueller, James A. 5872, Aeration :, c2002.
